000
00151 a2200073 4500
020
_a
9780869808535
082
_2
LIT LYST
_a
F
_b
1
245
_a
THE NKOSI FAMILY
999
_c
799662
_d
799661
942
_w
438
_x
Lucy Nkosi
_y
438
_z
Lucy Nkosi